000 00436nam a2200181Ia 4500
001 2061
005 20260306143814.0
008 260306t2015||||xx |||||||||||||| ||spa||
041 _aESP
082 _a611.91
_bS29
100 _aSchünke, Michael
_eAUT
245 0 _aPrometheus:
_btexto y atlas de anatomía
260 _c2015
300 _axv, 574 páginas :
_c31 cm.
650 _aGEN
654 _aCPS
942 _cLIB
_dJUS
_fJUS
_2ddc
_n
999 _c2061
_d2061